| 000 | 004720000a22001930004500 | ||
|---|---|---|---|
| 001 | 003947 | ||
| 003 | MACL | ||
| 005 | 20150725164758.0 | ||
| 008 | 150725b xxu||||| |||| 00| 0 eng d | ||
| 040 |
_aMACL _cMACL |
||
| 041 | _aEnglish | ||
| 082 | _a330/JAI | ||
| 100 |
_aJain, Gopal Lal _92419 |
||
| 245 |
_aManagerial Economics _cGopal Lal Jain |
||
| 260 |
_aNew Delhi _c2001 _bZee, Publications, |
||
| 350 | _a250 | ||
| 650 |
_aEconomics _92420 |
||
| 942 |
_k330 _cBK _2ddc |
||
| 999 |
_c15840 _d15840 |
||